<?xml version="1.0" encoding="UTF-8"?>
<collection xmlns="http://www.loc.gov/MARC21/slim">
<record>
  <controlfield tag="001">90519</controlfield>
  <controlfield tag="005">20210520140801.0</controlfield>
  <datafield tag="037" ind1=" " ind2=" ">
    <subfield code="a">TESIS-2020-105</subfield>
  </datafield>
  <datafield tag="041" ind1=" " ind2=" ">
    <subfield code="a">spa</subfield>
  </datafield>
  <datafield tag="100" ind1="1" ind2=" ">
    <subfield code="a">Delacour Estrella, Sarah Angele</subfield>
  </datafield>
  <datafield tag="245" ind1="0" ind2="0">
    <subfield code="a">Estudio poblacional de Aedes (Stegomyia) albopictus (Skuse, 1894) en España: distribución, genética y alternativas de control biológico de la especie</subfield>
  </datafield>
  <datafield tag="260" ind1=" " ind2=" ">
    <subfield code="a">Zaragoza</subfield>
    <subfield code="b">Universidad de Zaragoza, Prensas de la Universidad</subfield>
    <subfield code="c">2018</subfield>
  </datafield>
  <datafield tag="300" ind1=" " ind2=" ">
    <subfield code="a">230</subfield>
  </datafield>
  <datafield tag="490" ind1="0" ind2=" ">
    <subfield code="a">Tesis de la Universidad de Zaragoza</subfield>
    <subfield code="x">2254-7606</subfield>
    <subfield code="v">2020-105</subfield>
  </datafield>
  <datafield tag="500" ind1=" " ind2=" ">
    <subfield code="a">Presentado:  20 06 2018</subfield>
  </datafield>
  <datafield tag="502" ind1=" " ind2=" ">
    <subfield code="a">Tesis-Univ. Zaragoza, Patología Animal, 2018</subfield>
    <subfield code="b">Zaragoza, Universidad de Zaragoza</subfield>
    <subfield code="c">2018</subfield>
  </datafield>
  <datafield tag="520" ind1=" " ind2=" ">
    <subfield code="a">Aedes (Stegomyia) albopictus (Skuse, 1894), conocido comúnmente como mosquito tigre asiático, está reconocido como una de las especies más invasivas del mundo. Se registró por primera vez en España en 2004, cerca de la ciudad de Barcelona. Desde entonces, su distribución en nuestro país ha ido en aumento. Dado su papel como vector en los recientes brotes de arbovirus reemergentes en Europa y la creciente introducción de patógenos en España por viajeros, el Ministerio de Sanidad estableció un Plan Nacional de Vigilancia Entomológica. &lt;br />En el presente trabajo de tesis se han caracterizado las poblaciones de mosquito tigre en España en el periodo 2011-2016.&lt;br />En primer lugar, se ha estudiado su distribución, principalmente mediante la colocación de trampas de oviposición. Se ha observado una aceleración del proceso de ocupación del territorio por esta especie y se ha identificado su periodo anual de actividad en distintos municipios españoles.&lt;br />En segundo lugar, se ha realizado un estudio genético de las poblaciones detectadas durante los últimos años de dispersión por el país. Mediante la utilización de dos marcadores moleculares (COI e ITS2), se ha podido determinar que existe una gran variabilidad genética poblacional en España y que la expansión geográfica ha tenido lugar tras múltiples y continuados procesos de colonización desde distintos orígenes, tanto nacionales como internacionales. Concretamente, los análisis de historia demográfica de la especie sugieren que la dispersión por España, ha tenido lugar a nivel local mediante procesos naturales y acelerada de manera artificial a escala nacional. &lt;br />Finalmente, dado que actualmente se trata de realizar un manejo integrado de los vectores, se han realizado pruebas de susceptibilidad de Ae. albopictus a la aplicación de distintas cepas de Metarhizium anisopliae y Beauveria bassiana, que han mostrado su potencial como agentes de control biológico de esta especie.&lt;br /></subfield>
  </datafield>
  <datafield tag="506" ind1=" " ind2=" ">
    <subfield code="a">by-nc-nd</subfield>
    <subfield code="b">Creative Commons</subfield>
    <subfield code="c">3.0</subfield>
    <subfield code="u">http://creativecommons.org/licenses/by-nc-nd/3.0/es</subfield>
  </datafield>
  <datafield tag="520" ind1=" " ind2=" ">
    <subfield code="a">&lt;br /></subfield>
  </datafield>
  <datafield tag="521" ind1=" " ind2=" ">
    <subfield code="9">7086</subfield>
    <subfield code="a">Programa de Doctorado en Medicina y Sanidad Animal</subfield>
  </datafield>
  <datafield tag="653" ind1="1" ind2=" ">
    <subfield code="a">patologia animal</subfield>
  </datafield>
  <datafield tag="700" ind1=" " ind2=" ">
    <subfield code="a">Lucientes Curdi, Javier</subfield>
    <subfield code="e">dir.</subfield>
  </datafield>
  <datafield tag="700" ind1=" " ind2=" ">
    <subfield code="a">Collantes Alcaraz, Francisco</subfield>
    <subfield code="e">dir.</subfield>
  </datafield>
  <datafield tag="710" ind1="2" ind2=" ">
    <subfield code="a">Universidad de Zaragoza</subfield>
    <subfield code="b">Patología Animal</subfield>
  </datafield>
  <datafield tag="830" ind1=" " ind2=" ">
    <subfield code="9">498</subfield>
  </datafield>
  <datafield tag="856" ind1="0" ind2=" ">
    <subfield code="f">tdr@unizar.es</subfield>
  </datafield>
  <datafield tag="856" ind1="4" ind2=" ">
    <subfield code="u">http://zaguan.unizar.es/record/90519/files/TESIS-2020-105.pdf</subfield>
    <subfield code="z">Texto completo (spa)</subfield>
  </datafield>
  <datafield tag="909" ind1="C" ind2="O">
    <subfield code="o">oai:zaguan.unizar.es:90519</subfield>
    <subfield code="p">driver</subfield>
    <subfield code="p">tesis</subfield>
  </datafield>
  <datafield tag="910" ind1="2" ind2=" ">
    <subfield code="a"></subfield>
    <subfield code="b">Patología Animal</subfield>
  </datafield>
  <datafield tag="980" ind1=" " ind2=" ">
    <subfield code="a">TESIS</subfield>
  </datafield>
</record>
</collection>